Closest Genetic Populations to the Norwegians - Statistics

General Stats
  • This quiz has been taken 16 times
  • The average score is 8 of 12
Answer Stats
Genetic Distance Ethnicity % Correct
2.095 German
100%
1.197 Swedish
100%
0.781 Danish
94%
1.439 Irish
88%
1.972 English
88%
1.790 Dutch
81%
1.632 Scottish
69%
1.787 Welsh
69%
0.770 Icelander
44%
3.108 Austrian
38%
1.800 Breton
38%
2.931 Czech
6%
No matching quizzes found
Score Distribution
Percent of People with Each Score
Percentile by Number Answered
Your Score History
You have not taken this quiz